[Event "NOR-ch U14"]
[Site "Hamar"]
[Date "2013.11.16"]
[Round "3"]
[White "Brobakken, Jorgen"]
[Black "Olsen, Emil Andre"]
[Result "1-0"]
[WhiteElo "999"]
[BlackElo "1156"]
[PlyCount "25"]
[EventDate "2013.11.15"]
[EventType "swiss"]
[EventRounds "7"]
[EventCountry "NOR"]
[SourceTitle "EXT 2024"]
[Source "ChessBase"]
[SourceDate "2023.10.10"]
[SourceVersion "1"]
[SourceVersionDate "2023.10.10"]
[SourceQuality "1"]

1. Nf3 Nc6 2. g3 d5 3. Bg2 Bf5 4. d3 Nf6 5. Nbd2 e5 6. 0-0 Bc5 7. c3 Qd7 8. Qc2 0-0-0 9. b4 Bb6 10. a4 a6 11. b5 axb5 12. axb5 Ne7 13. Ra8# 1-0

[Event "NOR-ch Kadett-B"]
[Site "Lillehammer"]
[Date "2013.06.29"]
[Round "6"]
[White "Olsen, Emil Andre"]
[Black "Rambjor, Jon Oddvar"]
[Result "1-0"]
[WhiteElo "979"]
[BlackElo "873"]
[PlyCount "105"]
[EventDate "2013.06.29"]
[EventType "swiss"]
[EventRounds "9"]
[EventCountry "NOR"]
[SourceTitle "EXT 2017"]
[Source "ChessBase"]
[SourceDate "2016.10.25"]
[SourceVersion "1"]
[SourceVersionDate "2016.10.25"]
[SourceQuality "1"]

1. e4 e5 2. d4 d6 3. dxe5 dxe5 4. Qxd8+ Kxd8 5. Nf3 f6 6. Bc4 c6 7. 0-0 Kc7 8. h3 b5 9. Bd3 Be6 10. Bd2 Bc5 11. Rd1 Nd7 12. b4 Bb6 13. a4 bxa4 14. Rxa4 Nh6 15. c4 c5 16. Nc3 cxb4 17. Rxb4 Rab8 18. Nd5+ Bxd5 19. cxd5 Nc5 20. Rc1 Kd6 21. Bb1 Rhc8 22. Rbc4 Kd7 23. Be3 Na4 24. Rxa4 Bxe3 25. Rxc8 Rxb1+ 26. Kh2 Kxc8 27. fxe3 Kb7 28. Ra3 Rd1 29. Kg3 f5 30. Nxe5 fxe4 31. Kf4 Rxd5 32. Kxe4 Rd2 33. Kf3 Rd5 34. Nc4 Rf5+ 35. Ke2 Nf7 36. e4 Rc5 37. Rb3+ Kc6 38. Nd2 Rb5 39. Re3 Ne5 40. Nf3 a5 41. Nd4+ Kc5 42. Nxb5 Kxb5 43. Kd1 Kb4 44. Kc2 a4 45. Kb1 Nc4 46. Re2 Ne5 47. Ka2 a3 48. Rd2 Nc6 49. Rd5 Na5 50. e5 Nb3 51. Rd1 Nc5 52. Re1 Nd3 53. Re4+ 1-0